[Event "London Chess League Open"]
[Site "London"]
[Date "2023.06.02"]
[Round "1.1"]
[White "Anshuman, Ganguly"]
[Black "Sowray, Peter J"]
[Result "1-0"]
[WhiteElo "1721"]
[BlackElo "2176"]
[PlyCount "121"]
[EventDate "2023.06.02"]
[EventType "swiss"]
[EventRounds "5"]
[EventCountry "ENG"]
[SourceTitle "BritBase"]
[Source "John Saunders"]
[SourceDate "2023.12.27"]
[SourceVersion "1"]
[SourceVersionDate "2023.12.27"]
[SourceQuality "1"]

1. e4 e5 2. Nf3 Nc6 3. Bc4 Nf6 4. d3 Be7 5. c3 O-O 6. Bb3 d5 7. Qe2 Be6 8. Nbd2
a5 9. Ba4 Bd6 10. Bxc6 bxc6 11. O-O Nd7 12. d4 Bg4 13. h3 Bh5 14. g4 dxe4 15.
Nxe5 Bxe5 16. dxe5 Bg6 17. Nxe4 Nxe5 18. f4 Bxe4 19. Qxe4 Ng6 20. Qxc6 Re8 21.
Qf3 Rb8 22. b3 {(=)} Qf6 23. Bb2 a4 24. b4 Qb6+ 25. Qf2 Re3 26. Rae1 Rxe1 27.
Rxe1 Nxf4 28. Qxb6 cxb6 29. Re3 g5 30. c4 Rd8 31. Bc3 Rd1+ 32. Kh2 Kf8 33. b5
Ne6 34. Bb4+ Ke8 35. Ra3 Rd4 36. Rxa4 Rxc4 37. Ra8+ Kd7 38. Ra7+ Nc7 39. Be1
Rc2+ 40. Kg3 Ke6 41. a4 Nd5 42. Kf3 Ra2 43. a5 Ra3+ 44. Kf2 bxa5 45. b6 a4 46.
Ba5 Rb3 47. b7 a3 48. Ra6+ Kd7 49. Bb6 Rb2+ 50. Ke1 Nc7 51. b8=Q Nxa6 52. Qa7+
Kc6 53. Qxa6 Rxb6 54. Qxa3 f6 55. Qe7 Kd5 56. Qxh7 Ke6 57. h4 gxh4 58. g5 h3
59. Qxh3+ Kf7 60. Qh7+ Kf8 61. g6 1-0

[Event "London Chess League Open"]
[Site "London"]
[Date "2023.06.02"]
[Round "1.3"]
[White "Macphail, Kieran"]
[Black "Sedykh, Mikhail"]
[Result "1/2-1/2"]
[WhiteElo "1678"]
[BlackElo "2088"]
[PlyCount "61"]
[EventDate "2023.06.02"]
[EventType "swiss"]
[EventRounds "5"]
[EventCountry "ENG"]
[SourceTitle "BritBase"]
[Source "John Saunders"]
[SourceDate "2023.12.27"]
[SourceVersion "1"]
[SourceVersionDate "2023.12.27"]
[SourceQuality "1"]

1. e4 e6 2. d4 d5 3. e5 c5 4. c3 Nc6 5. Nf3 Bd7 6. Be2 Nge7 7. O-O Ng6 8. g3
Be7 9. h4 cxd4 10. cxd4 O-O 11. Nc3 f6 12. h5 Nh8 13. h6 g6 14. Be3 fxe5 15.
Nxe5 Nxe5 16. dxe5 Nf7 17. Qd4 Qc7 18. Nxd5 Qd8 19. Nxe7+ Qxe7 20. b4 Rfd8 21.
Qb2 Bc6 22. Bc4 b5 23. Be2 Qf8 24. Rac1 Bd5 25. Bxb5 Rab8 26. Bc6 Rxb4 27. Qa3
Re4 28. Qxf8+ Rxf8 29. Bxd5 exd5 30. Bxa7 Ra8 31. Rc7 1/2-1/2

[Event "London Chess League Open"]
[Site "London"]
[Date "2023.06.02"]
[Round "1.4"]
[White "Lalic, Peter D"]
[Black "Prince, Alan R"]
[Result "1/2-1/2"]
[WhiteElo "2081"]
[BlackElo "1676"]
[PlyCount "34"]
[EventDate "2023.06.02"]
[EventType "swiss"]
[EventRounds "5"]
[EventCountry "ENG"]
[SourceTitle "BritBase"]
[Source "John Saunders"]
[SourceDate "2023.12.27"]
[SourceVersion "1"]
[SourceVersionDate "2023.12.27"]
[SourceQuality "1"]

1. Nc3 d5 2. e4 d4 3. Nce2 Bg4 4. f3 Be6 5. c3 dxc3 6. d4 Bc4 7. bxc3 c5 8. Rb1
b5 9. Be3 e6 10. Kf2 Nc6 11. Nf4 e5 12. Nd5 cxd4 13. cxd4 exd4 14. Bf4 Bd6 15.
Rxb5 d3 16. Bxd3 Bxb5 17. Bxb5 Rc8 1/2-1/2

[Event "London Chess League Open"]
[Site "London"]
[Date "2023.06.02"]
[Round "1.5"]
[White "Sedykh, Stakhey"]
[Black "Lau, Lut Yin Luke"]
[Result "0-1"]
[WhiteElo "1633"]
[BlackElo "2025"]
[PlyCount "58"]
[EventDate "2023.06.02"]
[EventType "swiss"]
[EventRounds "5"]
[EventCountry "ENG"]
[SourceTitle "BritBase"]
[Source "John Saunders"]
[SourceDate "2023.12.27"]
[SourceVersion "1"]
[SourceVersionDate "2023.12.27"]
[SourceQuality "1"]

1. e4 c5 2. Nc3 Nc6 3. g3 g6 4. Bg2 Bg7 5. d3 d6 6. Nge2 e5 7. O-O Nge7 8. f4
O-O 9. Be3 Nd4 10. Qd2 Be6 11. fxe5 dxe5 12. Na4 Qd6 13. b3 Nec6 14. c3 Nxe2+
15. Qxe2 b6 16. Nb2 Rad8 17. Rf2 Rd7 18. Qf1 f5 19. Bh3 Rdf7 20. Qg2 f4 21.
Bxe6 Qxe6 22. gxf4 exf4 23. Bd2 f3 24. Qg3 Be5 25. Qg5 h6 26. Qh4 Rf4 27. Bxf4
Rxf4 28. Qxh6 Qg4+ 29. Kh1 Bg7 0-1

[Event "London Chess League Open"]
[Site "London"]
[Date "2023.06.02"]
[Round "1.6"]
[White "Peoples, Jonathon"]
[Black "Muirhead, Samuel"]
[Result "1/2-1/2"]
[WhiteElo "1933"]
[BlackElo "1621"]
[PlyCount "58"]
[EventDate "2023.06.02"]
[EventType "swiss"]
[EventRounds "5"]
[EventCountry "ENG"]
[SourceTitle "BritBase"]
[Source "John Saunders"]
[SourceDate "2023.12.27"]
[SourceVersion "1"]
[SourceVersionDate "2023.12.27"]
[SourceQuality "1"]

1. d4 d5 2. c4 c6 3. Nf3 Nf6 4. Nc3 dxc4 5. a4 Bf5 6. Ne5 Nbd7 7. Nxc4 Qc7 8.
f3 e5 9. dxe5 Nxe5 10. Bf4 Nxf3+ 11. exf3 Qxf4 12. Qe2+ Be6 13. g3 Qxc4 14.
Qxc4 Bxc4 15. Bxc4 Bb4 16. Kd2 O-O 17. Rhe1 Rfe8 18. Kc2 Kf8 19. Rad1 Rxe1 20.
Rxe1 Rd8 21. Re2 Bc5 22. Ne4 Rd4 23. b3 Nxe4 24. Rxe4 Rxe4 25. fxe4 {(=)} Ke7
26. Kd3 f6 27. Bg8 h6 28. g4 Kd6 29. h4 Bf2 1/2-1/2

[Event "London Chess League Open"]
[Site "London"]
[Date "2023.06.02"]
[Round "1.7"]
[White "Singha, Swati"]
[Black "Rogers, Tim L"]
[Result "0-1"]
[WhiteElo "1568"]
[BlackElo "1913"]
[PlyCount "56"]
[EventDate "2023.06.02"]
[EventType "swiss"]
[EventRounds "5"]
[EventCountry "ENG"]
[SourceTitle "BritBase"]
[Source "John Saunders"]
[SourceDate "2023.12.27"]
[SourceVersion "1"]
[SourceVersionDate "2023.12.27"]
[SourceQuality "1"]

1. e4 d6 2. Nf3 Nf6 3. Nc3 e5 4. d4 exd4 5. Nxd4 Be7 6. Bc4 O-O 7. Qe2 c6 8.
O-O d5 9. e5 dxc4 10. exf6 Bxf6 11. Nf3 Bxc3 12. bxc3 Be6 13. Ng5 Bf5 14. f4 h6
15. Nf3 Qa5 16. Qxc4 Bxc2 17. Nd4 Be4 18. f5 Qd5 19. Qe2 c5 20. Qg4 cxd4 21.
Bxh6 Qe5 22. f6 Bg6 23. Bxg7 Rd8 24. Rae1 Qh5 25. Qg3 d3 26. Re5 Qh7 27. Rfe1
Na6 28. Rf1 d2 {both scoresheets incomprehensible - 43 moves} 0-1

[Event "London Chess League Open"]
[Site "London"]
[Date "2023.06.02"]
[Round "1.8"]
[White "Vekaria, Vinay"]
[Black "Aryaman, Ganguly"]
[Result "1-0"]
[WhiteElo "1877"]
[BlackElo "1518"]
[PlyCount "43"]
[EventDate "2023.06.02"]
[EventType "swiss"]
[EventRounds "5"]
[EventCountry "ENG"]
[SourceTitle "BritBase"]
[Source "John Saunders"]
[SourceDate "2023.12.27"]
[SourceVersion "1"]
[SourceVersionDate "2023.12.27"]
[SourceQuality "1"]

1. e4 c5 2. Nf3 d6 3. d4 cxd4 4. Nxd4 Nf6 5. Nc3 g6 6. f4 Nc6 7. Nf3 Bg7 8. Bd3
O-O 9. O-O Bd7 10. Kh1 Rc8 11. Qe1 Qc7 12. Qh4 Qa5 13. f5 Ne5 14. Bh6 Nc4 15.
Bxc4 Rxc4 16. fxg6 hxg6 17. Ng5 Nh5 18. Bxg7 Kxg7 19. g4 f6 20. gxh5 Qxg5 21.
Qxg5 fxg5 22. h6+ 1-0

[Event "London Chess League Open"]
[Site "London"]
[Date "2023.06.02"]
[Round "1.9"]
[White "Zhang, Junyi"]
[Black "Rida, Ruqayyah"]
[Result "0-1"]
[WhiteElo "1480"]
[BlackElo "1873"]
[PlyCount "138"]
[EventDate "2023.06.02"]
[EventType "swiss"]
[EventRounds "5"]
[EventCountry "ENG"]
[SourceTitle "BritBase"]
[Source "John Saunders"]
[SourceDate "2023.12.27"]
[SourceVersion "1"]
[SourceVersionDate "2023.12.27"]
[SourceQuality "1"]

1. e4 e5 2. Nf3 Nc6 3. Nc3 Nf6 4. Bc4 Bc5 5. O-O O-O 6. d3 h6 7. Be3 Bb6 8. a4
d6 9. h3 Be6 10. Bb3 Bxb3 11. cxb3 d5 12. Bxb6 axb6 13. Re1 Re8 14. Rc1 Qd7 15.
Qc2 Rad8 16. Rcd1 Nb4 17. Qb1 d4 18. Ne2 Qe6 19. Nd2 Nd7 20. Nc4 Nc5 21. Nc1 f5
22. f3 Ra8 23. Rd2 f4 24. Rdd1 Ra6 25. Na3 c6 26. Nc2 Nxc2 27. Qxc2 Raa8 28.
Rd2 Qg6 29. Rf2 {(=)} Ne6 30. Ne2 Rec8 31. Rc1 Rc7 32. b4 Rac8 33. Qb3 Kh7 34.
Kh1 c5 35. Ng1 cxb4 36. Rxc7 Rxc7 37. Qxb4 Nc5 38. Rd2 {(=)} Qd6 39. Qa3 Rc6
40. Ne2 Qe6 41. b4 Nb3 42. Rb2 Nc1 43. Rd2 Nxe2 44. Rxe2 Rc3 45. Qa2 Qxa2 46.
Rxa2 Rxd3 47. a5 Rb3 48. axb6 Rxb4 49. Ra5 Rxb6 50. Rxe5 Rd6 51. Rb5 d3 52. Rb1
d2 53. Rd1 b5 54. Kg1 b4 55. Kf2 b3 56. Ke2 b2 57. e5 Rd5 58. e6 Re5+ 59. Kxd2
Rd5+ 60. Kc3 Rxd1 61. e7 b1=Q 62. e8=Q Rd3+ 63. Kc4 Qb3+ 64. Kc5 Rd5+ 65. Kc6
Qb5+ 66. Kc7 Qxe8 67. g3 Qe6 68. gxf4 Rd7+ 69. Kc8 Qe8# 0-1

[Event "London Chess League Open"]
[Site "London"]
[Date "2023.06.02"]
[Round "1.10"]
[White "Spanton, Tim R"]
[Black "Isaacs, Ruairi"]
[Result "0-1"]
[WhiteElo "1824"]
[BlackElo "1451"]
[PlyCount "54"]
[EventDate "2023.06.02"]
[EventType "swiss"]
[EventRounds "5"]
[EventCountry "ENG"]
[SourceTitle "BritBase"]
[Source "John Saunders"]
[SourceDate "2023.12.27"]
[SourceVersion "1"]
[SourceVersionDate "2023.12.27"]
[SourceQuality "1"]

1. e4 c5 2. Nf3 Nc6 3. Bb5 g6 4. c3 Nf6 5. Qe2 Bg7 6. d4 cxd4 7. cxd4 d5 8. e5
Nd7 9. e6 fxe6 10. Qxe6 Nde5 11. Nxe5 Bxe6 12. Nxc6 bxc6 13. Bxc6+ Bd7 14. Bxa8
Qxa8 15. Be3 Qb7 16. O-O Qxb2 17. Nd2 Bf5 18. Nf3 O-O 19. Rfd1 Bg4 20. Rdb1 Qc3
21. Bd2 Qd3 22. Rb3 Qf5 23. h3 Bxf3 24. Rxf3 Qc2 25. Rxf8+ Kxf8 26. Be3 Qb2 27.
Rc1 Bxd4 0-1

[Event "London Chess League Open"]
[Site "London"]
[Date "2023.06.02"]
[Round "1.11"]
[White "Liu, Jacob"]
[Black "Dasgupta, Avyukt"]
[Result "1-0"]
[WhiteElo "1433"]
[BlackElo "1818"]
[PlyCount "59"]
[EventDate "2023.06.02"]
[EventType "swiss"]
[EventRounds "5"]
[EventCountry "ENG"]
[SourceTitle "BritBase"]
[Source "John Saunders"]
[SourceDate "2023.12.27"]
[SourceVersion "1"]
[SourceVersionDate "2023.12.27"]
[SourceQuality "1"]

1. e4 e6 2. d4 d5 3. Nd2 dxe4 4. Nxe4 Bd7 5. Nf3 Bc6 6. Bd3 Nd7 7. O-O Ngf6 8.
Neg5 g6 9. Re1 Qe7 10. Nxf7 Bxf3 11. Qxf3 Kxf7 12. Bc4 Kg7 13. Bg5 h6 14. Rxe6
Qd8 15. Bh4 Bd6 16. Rae1 Qf8 17. Bg3 Re8 18. Bxd6 Qxd6 19. Rxe8 Rxe8 20. Rxe8
Nb6 21. Re6 Qd8 22. Bb3 a5 23. Qe3 Nc8 24. Qe5 c6 25. g4 c5 26. h4 a4 27. Bc4
b5 28. g5 hxg5 29. hxg5 bxc4 30. Rxf6 1-0

[Event "London Chess League Open"]
[Site "London"]
[Date "2023.06.02"]
[Round "1.12"]
[White "Faulks, Nick"]
[Black "Veeturi, Yashvardhan"]
[Result "1-0"]
[WhiteElo "1816"]
[BlackElo "1426"]
[PlyCount "85"]
[EventDate "2023.06.02"]
[EventType "swiss"]
[EventRounds "5"]
[EventCountry "ENG"]
[SourceTitle "BritBase"]
[Source "John Saunders"]
[SourceDate "2023.12.27"]
[SourceVersion "1"]
[SourceVersionDate "2023.12.27"]
[SourceQuality "1"]

1. c4 e5 2. Nc3 Nc6 3. e3 g6 4. Nf3 Bg7 5. Be2 Nge7 6. Rb1 O-O 7. h4 f5 8. d3
Qe8 9. h5 h6 10. hxg6 Nxg6 11. Nh4 Nxh4 12. Rxh4 Qg6 13. g3 Bf6 14. Rh1 Bg5 15.
Nd5 Ne7 16. Bh5 Qd6 17. f4 Nxd5 18. fxg5 Nb4 19. Be2 hxg5 20. Kf2 Rf7 21. a3
Nc6 22. b4 f4 23. gxf4 exf4 24. exf4 Qf6 25. Qg1 Nd4 26. Bh5 Rh7 27. Qxg5+ Qxg5
28. fxg5 d6 29. Bb2 c5 30. Bg6 Rg7 31. Rh6 Bd7 32. Bxd4 cxd4 33. Rbh1 Rxg6 34.
Rxg6+ Kf7 35. Rxd6 Bf5 36. Rxd4 Kg6 37. Rg1 Rh8 38. Rd6+ Kf7 39. g6+ Ke7 40. g7
Rg8 41. Rd5 Bh7 42. Ke3 Re8 43. Re5+ 1-0

[Event "London Chess League Open"]
[Site "London"]
[Date "2023.06.02"]
[Round "1.13"]
[White "Napolitano, Domenico"]
[Black "Ciesielski, Marceli"]
[Result "1/2-1/2"]
[WhiteElo "1414"]
[BlackElo "1769"]
[PlyCount "92"]
[EventDate "2023.06.02"]
[EventType "swiss"]
[EventRounds "5"]
[EventCountry "ENG"]
[SourceTitle "BritBase"]
[Source "John Saunders"]
[SourceDate "2023.12.27"]
[SourceVersion "1"]
[SourceVersionDate "2023.12.27"]
[SourceQuality "1"]

1. e4 c5 2. Nf3 d6 3. Bb5+ Nd7 4. d4 cxd4 5. Qxd4 a6 6. Bxd7+ Bxd7 7. Nc3 Nf6
8. Bg5 e6 9. e5 dxe5 10. Nxe5 Be7 11. O-O-O Bc6 12. Nxc6 bxc6 13. Qc4 Qc7 14.
Bf4 Qb7 15. Bd6 Bxd6 16. Rxd6 Rc8 17. Ne4 Nxe4 18. Qxe4 O-O 19. Rhd1 Qb6 20.
Qd4 Qb5 21. h4 a5 22. g4 c5 23. Qe5 Qc4 24. R6d3 Qxa2 25. g5 Qa1+ 26. Kd2 Qa4
27. h5 Rfd8 28. h6 Rxd3+ 29. cxd3 Qd4 30. Qxd4 cxd4 31. Ra1 Rb8 32. Kc2 Rb5 33.
b4 Rxb4 34. Rxa5 Rb8 35. Ra7 gxh6 36. gxh6 Kf8 37. Rd7 e5 38. Rd5 Re8 39. f3
Re6 40. Kb3 Ke7 41. Kc4 Kf6 42. Rd7 Ra6 43. Kd5 Ra5+ 44. Ke4 Kg6 45. f4 f5+ 46.
Kf3 Kxh6 1/2-1/2

[Event "London Chess League Open"]
[Site "London"]
[Date "2023.06.02"]
[Round "1.14"]
[White "Kothari, Jai"]
[Black "Cuthbert, Larissa"]
[Result "1-0"]
[WhiteElo "1767"]
[BlackElo "1404"]
[PlyCount "93"]
[EventDate "2023.06.02"]
[EventType "swiss"]
[EventRounds "5"]
[EventCountry "ENG"]
[SourceTitle "BritBase"]
[Source "John Saunders"]
[SourceDate "2023.12.27"]
[SourceVersion "1"]
[SourceVersionDate "2023.12.27"]
[SourceQuality "1"]

1. e4 e6 2. d4 d5 3. Nc3 Nf6 4. Bg5 Be7 5. e5 Nfd7 6. Bxe7 Qxe7 7. f4 a6 8. Nf3
c5 9. Qd2 Nc6 10. g3 b5 11. Bh3 Nb6 12. Qf2 c4 13. O-O b4 14. Ne2 a5 15. Rae1
Ba6 16. f5 O-O-O 17. c3 b3 18. fxe6 f6 19. Nh4 Kb8 20. exf6 gxf6 21. Qxf6 Qc7
22. Qf7 Ne7 23. Nf5 Rde8 24. Nxe7 Rxe7 25. Qh5 Bc8 26. Nf4 Rg8 27. Nxd5 Nxd5
28. Qxd5 Bb7 29. Qe5 Qxe5 30. Rxe5 Reg7 31. axb3 cxb3 32. d5 Rd8 33. e7 Re8 34.
Rf8 Rgxe7 35. Rxe8+ Rxe8 36. Rxe8+ Kc7 37. Re7+ Kb6 38. d6 Kc6 {(Black wrote
"accidentally touched king" on the scoresheet)} 39. Bg2+ Kb6 40. Rxb7+ Kc5 41.
d7 Kd6 42. d8=Q+ Ke5 43. Re7+ Kf5 44. Qf8+ Kg6 45. Rg7+ Kh5 46. g4+ Kh4 47.
Qf2# 1-0

[Event "London Chess League Open"]
[Site "London"]
[Date "2023.06.02"]
[Round "1.15"]
[White "Gunawardana, Thivan Manamperi"]
[Black "Soulier, Alfred"]
[Result "0-1"]
[WhiteElo "1334"]
[BlackElo "1763"]
[PlyCount "144"]
[EventDate "2023.06.02"]
[EventType "swiss"]
[EventRounds "5"]
[EventCountry "ENG"]
[SourceTitle "BritBase"]
[Source "John Saunders"]
[SourceDate "2023.12.27"]
[SourceVersion "1"]
[SourceVersionDate "2023.12.27"]
[SourceQuality "1"]

1. e4 c5 2. c3 Nf6 3. e5 Nd5 4. d4 cxd4 5. cxd4 Nc6 6. Nf3 d6 7. exd6 Qxd6 8.
Be2 Bf5 9. a3 e6 10. Nc3 Nxc3 11. bxc3 Be7 12. O-O O-O 13. h3 Rfd8 14. Bd3 Bxd3
15. Qxd3 e5 16. Qe4 exd4 17. cxd4 Qd5 18. Qxd5 Rxd5 19. Bb2 Bf6 20. Rad1 Rad8
21. Rfe1 h6 22. Re4 Rb5 23. Rd2 Rbd5 24. Bc3 b5 25. Kf1 a5 26. Rb2 Be7 27. Bxa5
Bxa3 28. Rb3 Nxa5 29. Rxa3 b4 30. Ra4 Rb8 31. Re5 Rxe5 32. Nxe5 b3 33. Nd3 Nc6
34. d5 Nb4 35. Nb2 Nxd5 36. Ke1 Nc3 37. Rc4 Na2 38. Ke2 Re8+ 39. Kd3 Re1 40.
Rc8+ Kh7 41. Rb8 Rg1 42. g3 g5 43. Kc4 Nc1 44. Nd3 Nxd3 45. Kxd3 Rb1 46. Kc3
Rf1 47. Rxb3 Rxf2 48. Kd4 h5 49. Ke5 Kg6 50. Ke4 Rh2 51. g4 h4 52. Rb6+ f6 53.
Rb3 Rg2 54. Rf3 Kf7 55. Kd4 Ra2 56. Rc3 Ra4+ 57. Kc5 Kg6 58. Kd5 Rf4 59. Re3 f5
60. gxf5+ Rxf5+ 61. Kd4 Rf4+ 62. Kd5 Kh5 63. Re8 Rf3 64. Rh8+ Kg6 65. Rg8+ Kh6
66. Rh8+ Kg7 67. Rh5 Kg6 68. Rh8 Rxh3 69. Rg8+ Kf5 70. Rf8+ Kg4 71. Ra8 Rf3 72.
Ra4+ Kg3 0-1

[Event "London Chess League Open"]
[Site "London"]
[Date "2023.06.02"]
[Round "1.16"]
[White "Llewellyn, Julian D"]
[Black "McNamara, JJ"]
[Result "1-0"]
[WhiteElo "1737"]
[BlackElo "1327"]
[PlyCount "53"]
[EventDate "2023.06.02"]
[EventType "swiss"]
[EventRounds "5"]
[EventCountry "ENG"]
[SourceTitle "BritBase"]
[Source "John Saunders"]
[SourceDate "2023.12.27"]
[SourceVersion "1"]
[SourceVersionDate "2023.12.27"]
[SourceQuality "1"]

1. e4 c6 2. Nf3 d5 3. Nc3 dxe4 4. Nxe4 Nf6 5. Nxf6+ exf6 6. d4 Bd6 7. Be3 O-O
8. Qd2 Re8 9. O-O-O Be6 10. Kb1 Nd7 11. c4 Nb6 12. Qc2 Bf8 13. Bd3 g6 14. h4 f5
15. h5 Nd7 16. hxg6 fxg6 17. Ng5 Nf6 18. d5 cxd5 19. Nxe6 Rxe6 20. cxd5 Nxd5
21. Bc4 Rd6 22. Rxd5 Rxd5 23. Qb3 Qe7 24. Bxd5+ Kh8 25. Bd4+ Bg7 26. Bxg7+ Kxg7
27. Qc3+ 1-0

[Event "London Chess League Open"]
[Site "London"]
[Date "2023.06.02"]
[Round "1.17"]
[White "Harandi, Kamran"]
[Black "Obi, Okwose Marc"]
[Result "0-1"]
[WhiteElo "1280"]
[BlackElo "1733"]
[PlyCount "64"]
[EventDate "2023.06.02"]
[EventType "swiss"]
[EventRounds "5"]
[EventCountry "ENG"]
[SourceTitle "BritBase"]
[Source "John Saunders"]
[SourceDate "2023.12.27"]
[SourceVersion "1"]
[SourceVersionDate "2023.12.27"]
[SourceQuality "1"]

1. d4 d5 2. c4 e6 3. Nc3 f5 4. Nf3 Nf6 5. Bg5 Be7 6. Bxf6 Bxf6 7. e3 O-O 8.
cxd5 exd5 9. Bd3 c6 10. Qc2 Be7 11. a3 a5 12. Na4 Be6 13. Nc5 Bxc5 14. dxc5 Nd7
15. O-O g6 16. Nd4 Bf7 17. b4 Qe7 18. Qc3 Ne5 19. Be2 Nc4 20. Bxc4 dxc4 21.
Rfb1 a4 22. Rd1 Bd5 23. f4 Rfe8 24. Re1 Qg7 25. Ne2 Qf7 26. Ng3 Re7 27. Re2 h5
28. Raa2 Re6 29. Re1 Qe7 30. Rae2 Kf7 31. Nf1 Qf6 32. Qxf6+ Kxf6 {from here
incomprehensible - 60 moves (or possibly more)} 0-1

[Event "London Chess League Open"]
[Site "London"]
[Date "2023.06.03"]
[Round "2.1"]
[White "Farrand, Tom"]
[Black "Kothari, Jai"]
[Result "1/2-1/2"]
[WhiteElo "2143"]
[BlackElo "1767"]
[PlyCount "204"]
[EventDate "2023.06.02"]
[EventType "swiss"]
[EventRounds "5"]
[EventCountry "ENG"]
[SourceTitle "BritBase"]
[Source "John Saunders"]
[SourceDate "2023.12.27"]
[SourceVersion "1"]
[SourceVersionDate "2023.12.27"]
[SourceQuality "1"]

1. c4 e5 2. g3 g6 3. Bg2 Bg7 4. Nc3 d6 5. d3 f5 6. e3 Nf6 7. Nge2 O-O 8. O-O c6
9. Rb1 Be6 10. b3 Nbd7 11. Ba3 Qc7 12. d4 Rfd8 13. d5 cxd5 14. Nxd5 Nxd5 15.
Bxd5 Nf8 16. Bxe6+ Nxe6 17. Qd5 Kf7 18. Rfd1 Bf8 {(=)} 19. Nc3 a6 20. Rd2 b6
21. Rc1 Rac8 22. h4 Qc6 23. Rdc2 Rd7 24. Bb4 Rdc7 25. a4 Be7 26. Rd1 Qxd5 27.
Nxd5 Rc6 28. Rcd2 Nc5 29. Ba3 Ne4 30. Rd3 Nc5 31. R3d2 Ne4 32. Rb2 a5 33. Kg2
Bf8 34. f3 Nc5 35. Nc3 Bh6 36. Nb5 Rd8 37. Kf2 Bg7 38. Bxc5 bxc5 39. Rbd2 Ke6
40. Rd5 Bf6 41. h5 g5 {(=)} 42. g4 fxg4 43. fxg4 Be7 44. Ke2 Rf8 45. Rf1 Rxf1
46. Kxf1 Rc8 47. Ke2 Rf8 48. Rd1 h6 49. Nc3 Rb8 50. Rb1 Rf8 51. Rf1 Rxf1 52.
Kxf1 Bf6 53. Ke2 Bg7 54. Kd3 Bf8 55. Ke4 Be7 56. Ne2 Bf8 57. Ng3 Be7 58. Nf5
Bf8 59. Ng3 Be7 60. Ne2 Bf8 61. Nc3 Be7 62. Kd3 Kd7 63. Nb5 Bd8 64. Ke4 Ke6 65.
Na7 Bb6 66. Nb5 Bd8 67. Nc3 Bc7 68. Kd3 Kd7 69. Ne4 Bd8 70. Ng3 Be7 71. Ke2 Ke6
72. Kd2 Kf7 {(=)} 73. Kd3 Kf6 74. Kc3 Kf7 75. Nf5 Bf8 76. Kd3 Kf6 77. Ng3 Be7
78. Ke4 Ke6 79. Nh1 Bf8 80. Nf2 Be7 81. Nd3 Bd8 82. Ne1 Be7 83. Nc2 Bd8 84. Na3
Be7 85. Nb1 Bd8 86. Nd2 Be7 87. Kd3 Kd7 88. e4 Ke6 89. Nf1 Bd8 90. Ne3 Be7 91.
Nf5 Bf8 92. Ne3 Be7 93. Nf1 Bd8 94. Nd2 Be7 95. Nb1 Bd8 96. Nc3 Be7 97. Nb5 Bd8
98. Na7 Bb6 99. Nc8 Bc7 100. Na7 Bb6 101. Nc8 Bc7 102. Na7 Bb6 1/2-1/2

[Event "London Chess League Open"]
[Site "London"]
[Date "2023.06.03"]
[Round "2.2"]
[White "Lau, Lut Yin Luke"]
[Black "Llewellyn, Julian D"]
[Result "1/2-1/2"]
[WhiteElo "2025"]
[BlackElo "1737"]
[PlyCount "156"]
[EventDate "2023.06.02"]
[EventType "swiss"]
[EventRounds "5"]
[EventCountry "ENG"]
[SourceTitle "BritBase"]
[Source "John Saunders"]
[SourceDate "2023.12.27"]
[SourceVersion "1"]
[SourceVersionDate "2023.12.27"]
[SourceQuality "1"]

1. e4 c6 2. d4 d5 3. exd5 cxd5 4. Bd3 g6 5. Nf3 Nf6 6. O-O Bg7 7. Nbd2 Nc6 8.
c3 O-O 9. Re1 Bf5 10. Ne5 Bxd3 11. Nxd3 Rc8 12. Nf3 Re8 13. Bf4 Nh5 14. Be3 Qc7
15. Qd2 Na5 16. Bh6 Nc4 17. Qc1 Bh8 18. Nfe5 Nf6 19. Qf4 Nd6 20. Re2 Nf5 21.
Rae1 Nxh6 22. Qxh6 Bg7 23. Qf4 e6 24. f3 Nh5 25. Qd2 Qd8 26. g3 Re7 27. Kg2 Qf8
28. Ra1 Bh6 29. Qd1 Rec7 30. a4 Nf6 31. a5 Qd6 32. Ra4 Nd7 33. Nxd7 Qxd7 34.
Qb3 Bf8 35. Re1 Bd6 36. Raa1 Qd8 37. Re2 Qg5 38. Qd1 Qf5 39. Qd2 Kg7 40. f4 h5
41. h3 Qf6 42. Ne5 Rh8 43. Ree1 Rcc8 44. Qd3 a6 45. Re2 Rc7 46. Qd2 Re7 47. Nd3
Rc7 48. Rf1 Qf5 49. Ree1 Rcc8 50. Qd1 Qf6 51. Ne5 Rc7 52. Nd3 Qf5 53. Qd2 Qf6
54. Rh1 Rcc8 55. Ne5 Qd8 56. Ra1 Qc7 57. Nd3 Qe7 58. Rae1 Qd8 59. b4 Rc7 60.
Nc5 Qf6 61. Re2 h4 62. Qe3 hxg3 63. Rf1 Rh4 64. Qxg3 Rxf4 65. Rxf4 Qxf4 66.
Qxf4 Bxf4 67. Kf3 Bd6 68. Ke3 Kf6 69. Kd3 Ke7 70. c4 dxc4+ 71. Kxc4 Bxc5 72.
bxc5 Kd7 73. d5 exd5+ 74. Kxd5 Rc6 75. Rb2 Kc7 76. Rf2 f6 77. Re2 Kd7 78. Rb2
Kc7 1/2-1/2

[Event "London Chess League Open"]
[Site "London"]
[Date "2023.06.03"]
[Round "2.3"]
[White "Rogers, Tim L"]
[Black "Anshuman, Ganguly"]
[Result "1-0"]
[WhiteElo "1913"]
[BlackElo "1721"]
[PlyCount "93"]
[EventDate "2023.06.02"]
[EventType "swiss"]
[EventRounds "5"]
[EventCountry "ENG"]
[SourceTitle "BritBase"]
[Source "John Saunders"]
[SourceDate "2023.12.27"]
[SourceVersion "1"]
[SourceVersionDate "2023.12.27"]
[SourceQuality "1"]

1. e4 c5 2. c3 d5 3. exd5 Qxd5 4. d4 Nf6 5. Nf3 e6 6. Be2 Be7 7. O-O O-O 8. Be3
Nc6 9. h3 b6 10. dxc5 Bxc5 11. Nd4 Bxd4 12. cxd4 Bb7 13. Nc3 Qd7 14. Qa4 Rfd8
15. Rfd1 Ne7 16. Bb5 Bc6 17. Bxc6 Qxc6 18. Qxc6 Nxc6 19. Rac1 Nb4 20. Bg5 Nbd5
21. Nxd5 Rxd5 22. Bxf6 gxf6 23. Rc7 e5 24. Rd3 exd4 25. Kf1 a5 26. Rc6 b5 27.
Ke2 Re8+ 28. Kd2 Re6 29. Rc8+ Kg7 30. Rg3+ Rg5 31. Rxg5+ fxg5 32. Rc5 Kf6 33.
Rxb5 Re5 34. Rxe5 Kxe5 35. b3 f5 36. a3 h5 37. b4 axb4 38. axb4 h4 39. f3 Kf4
40. b5 g4 41. fxg4 fxg4 42. hxg4 Kxg4 43. b6 Kg3 44. b7 Kxg2 45. b8=Q h3 46.
Qg8+ Kh1 47. Ke1 1-0

[Event "London Chess League Open"]
[Site "London"]
[Date "2023.06.03"]
[Round "2.4"]
[White "Soulier, Alfred"]
[Black "Vekaria, Vinay"]
[Result "1-0"]
[WhiteElo "1763"]
[BlackElo "1877"]
[PlyCount "81"]
[EventDate "2023.06.02"]
[EventType "swiss"]
[EventRounds "5"]
[EventCountry "ENG"]
[SourceTitle "BritBase"]
[Source "John Saunders"]
[SourceDate "2023.12.27"]
[SourceVersion "1"]
[SourceVersionDate "2023.12.27"]
[SourceQuality "1"]

1. e4 c5 2. Nf3 Nc6 3. d4 cxd4 4. Nxd4 Nf6 5. Nc3 e5 6. Ndb5 d6 7. Bg5 a6 8.
Na3 b5 9. Bxf6 gxf6 10. Nd5 f5 11. c3 Bg7 12. exf5 Bxf5 13. Nc2 O-O 14. Nce3
Be6 15. Bd3 f5 16. Qh5 e4 17. Bc2 b4 18. Nf4 bxc3 19. Nxe6 cxb2 20. Rb1 Qa5+
21. Kf1 Qxa2 22. Nxf8 Nd4 23. Qd1 Rxf8 24. g3 f4 25. gxf4 Rxf4 26. Rg1 Nxc2 27.
Qxc2 Qa3 28. Qxb2 Qd3+ 29. Ke1 Rf7 30. Nf5 Qxb1+ 31. Qxb1 Rxf5 32. Qb8+ Rf8 33.
Qxd6 Kh8 34. Qxa6 Bd4 35. Rg2 Rb8 36. Qd6 Bc3+ 37. Kd1 Re8 38. Qc5 Bf6 39. Rg4
Rd8+ 40. Ke2 Bd4 41. Qc4 1-0